000 00370nam a22001457a 4500
008 230911b ||||| |||| 00| 0 eng d
020 _a00115266
041 _aeng
080 _2VOLUME117
_a7
082 _a7GRA
100 _a20
101 _aART
245 _aDEADALUS JOURNAL OF THE AMERICAN ACADEMY OF ARTS AND SCIENCES WINTER 1988
_cGRAUBARD.R.S
942 _2udc
_cBK
999 _c60306
_d60306